000 01049nas a2200265Ia 4500
001 R017/H5499
003 IT-RoPAU
008 151124c99999999xx |||||||||||| ||und||
040 _aIT-RoPAU
040 _cIT-RoPAU
041 _aITALIANO
100 _aAA.VV.
_gCodice Aut. SPICS: 12000
210 _aFILMCRITICA
222 _aFilmcritica
245 _aFILMCRITICA SCUOLA, ANNO 8-N.30 (MAGGIO 2005)
_bFilmcritica Scuola, Anno 8-N.30 (Maggio 2005)
250 _a1a ed.
260 _aMONTEPULCIANO (SI)
_bLE BALZE
_c2005
501 _bPaulus - SPICS - Società San Paolo EM (non-commercial uses only)
_cCopyright2015
300 _a16 p.
310 _aTRIMESTRALE
362 _aANNO 008, N.30 (MAGGIO 2005)
500 _aSupplemento Rivista Filmcritica N. 555. Leggere Cinema: Explaned Cinema Digene Youngblood a Cura di L. Esposito. Sugli Schermi: Crepuscolo Eroi, Esempi di Animazione (Robots, gli Incredibili, Era Glaciale) di D. Dottorini. Cinema e Storia: in My Country,
650 _aCINEMA
_vPUBBLICAZIONE PERIODICA
942 _cCR
999 _c124902
_d124902